CSS and networking guide for CCNA and CSS (NCII)/ (Record no. 2547)

MARC details
000 -LEADER
fixed length control field 00664nam a22001937a 4500
003 - CONTROL NUMBER IDENTIFIER
control field OSt
005 - DATE AND TIME OF LATEST TRANSACTION
control field 20240722081350.0
008 - FIXED-LENGTH DATA ELEMENTS--GENERAL INFORMATION
fixed length control field 240722b |||||||| |||| 00| 0 eng d
020 ## - INTERNATIONAL STANDARD BOOK NUMBER
International Standard Book Number 978-621-427-046-0
040 ## - CATALOGING SOURCE
Original cataloging agency DWC- Main Lib
Transcribing agency OC
082 ## - DEWEY DECIMAL CLASSIFICATION NUMBER
Classification number Fil. 005.7 S246c 2019
100 ## - MAIN ENTRY--PERSONAL NAME
Personal name Sarmiento, Marygin E.
245 ## - TITLE STATEMENT
Title CSS and networking guide for CCNA and CSS (NCII)/
Statement of responsibility, etc. Marygin E. Sarmiento.
260 ## - PUBLICATION, DISTRIBUTION, ETC.
Place of publication, distribution, etc. Manila, Philippines :
Name of publisher, distributor, etc. Unlimited Books Library Services & Publishing Inc,
Date of publication, distribution, etc. c2019.
300 ## - PHYSICAL DESCRIPTION
Extent iv , 366 pages:
Other physical details illustrations ;
Dimensions 25cm.
504 ## - BIBLIOGRAPHY, ETC. NOTE
Bibliography, etc. note Includes bibliographical references.
650 ## - SUBJECT ADDED ENTRY--TOPICAL TERM
Topical term or geographic name entry element 1. Computer networks
942 ## - ADDED ENTRY ELEMENTS (KOHA)
Source of classification or shelving scheme Dewey Decimal Classification
Koha item type Book-Filipiniana
Suppress in OPAC Yes
952 ## - LOCATION AND ITEM INFORMATION (KOHA)
--
952 ## - LOCATION AND ITEM INFORMATION (KOHA)
--
952 ## - LOCATION AND ITEM INFORMATION (KOHA)
--
Holdings
Withdrawn status Lost status Source of classification or shelving scheme Damaged status Not for loan Home library Current library Date acquired Source of acquisition Cost, normal purchase price Total Checkouts Full call number Barcode Date last seen Copy number Price effective from Koha item type Uniform Resource Identifier
    Dewey Decimal Classification     College Library College Library 08/09/2019 School Fund 895.00   Fil. 005.7 S246c 2019 CL52120 07/22/2024 c1 07/22/2024 BK - FIL
    Dewey Decimal Classification     College Library College Library 08/09/2019 School Fund 895.00   Fil. 005.7 S246c 2019 CL52027 07/22/2024 c2 07/22/2024 BK - FIL
    Dewey Decimal Classification     College Library College Library 08/09/2019 School Fund 895.00   Fil. 005.7 S246c 2019 CL52028 07/22/2024 c3 07/22/2024 BK - FIL